Pétalos para Darién. Los Hijos de Goreon.

Gorde:
Xehetasun bibliografikoak
Egile nagusia: Sandoval, M.L (autor)
Formatua: Liburua
Hizkuntza:gaztelania
Argitaratua: Valparaíso, Chile: Puerto de escape, 2014.
Gaiak:
Etiketak: Etiketa erantsi
Etiketarik gabe, Izan zaitez lehena erregistro honi etiketa jartzen!

MARC

LEADER 00000nam a22000007a 4500
003 CL-VaPUC
005 20250106154005.0
008 241212t2014 ||||| |||| 00| 0 spa d
999 |c 446290  |d 446288 
020 |a 978-956-8648-34-3 
040 |c Pontificia Universidad Católica de Valparaíso 
082 |2 22  |a Ch863 SAN 2014 
100 |9 894809  |a Sandoval, M.L.  |e autor 
245 |a Pétalos para Darién.  |b Los Hijos de Goreon. 
260 |a Valparaíso, Chile:  |b Puerto de escape,  |c 2014. 
300 |a 178 páginas. 
500 |a c.1: Donación P.I.I.E. 2-12-2024. 
500 |a El autor agradece el apoyo de Universidad Pedro de Valdivia, sede Santiago, sin cuyo aporte, esta obra no hubiese visto su publicación. 
583 |c 20241212  |k Yessy Sthefany Diaz Vidal 
650 0 |9 265425  |a Novelas chilenas   |x Crímenes  |y Siglo 21 
650 0 |9 894523  |a Chilean literature  |x Crimes  |y 21st century 
942 |2 ddc  |c BK 
952 |0 0  |1 0  |2 ddc  |4 0  |6 CH_863_000000000000000_SAN_2014  |7 0  |8 A  |9 598639  |a BIBGIM  |b BIBGIM  |d 2024-12-12  |e Donación  |i 5663601  |o Ch863 SAN 2014  |p 5663601  |r 2025-01-15  |t 1  |w 2024-12-12  |y BK  |k ELE